Statistics for Capital Cities of the World Quiz

Click here to take the quiz!

General Stats

  • This quiz has been taken 37 times
  • The average score is 125 of 196

Answers on the Map

Answers color-coded by a green-red scale on the quiz's map according to % correct below.
Loading ...
 

Answer Stats

Capital% Correct
Athens
100%
Moscow
100%
Warsaw
100%
Brussels
100%
Berlin
100%
Oslo
100%
Amsterdam
100%
Copenhagen
100%
Vienna
100%
Tokyo
100%
Rome
100%
Dublin
100%
New Delhi
100%
Paris
100%
Lisbon
100%
Cairo
95%
Pyongyang
95%
Beijing
95%
Helsinki
95%
Kabul
95%
London
95%
Algiers
95%
Washington D.C.
95%
Seoul
95%
Buenos Aires
95%
Kiev
95%
Madrid
95%
Stockholm
95%
Bern
95%
Pretoria / Cape Town / Bloemfontein
89%
Luxembourg
89%
Prague
89%
Jerusalem
89%
Ankara
89%
Baghdad
89%
Jakarta
89%
Havana
89%
Mexico City
89%
Ottawa
89%
Lima
89%
Brasília
89%
Sofia
89%
Manila
89%
Santiago
89%
Taipei
89%
Bangkok
84%
Hanoi
84%
Budapest
84%
Reykjavík
84%
Singapore
84%
Canberra
84%
Nairobi
84%
Kuwait City
84%
Kingston
79%
Doha
79%
Bucharest
79%
Damascus
79%
Kingstown
79%
Tehran
79%
Kathmandu
79%
Vatican City
79%
San Marino
79%
Wellington
79%
Tripoli
79%
Minsk
79%
Sarajevo
79%
Djibouti
74%
Bratislava
74%
Abu Dhabi
74%
Tallinn
74%
Addis Ababa
74%
Belgrade
74%
Montevideo
74%
Kuala Lumpur
74%
Panama City
74%
Bogotá
74%
Accra
74%
Tunis
74%
Vilnius
68%
Nicosia
68%
Phnom Penh
68%
Riga
68%
Ulaanbaatar
68%
La Paz / Sucre
68%
Zagreb
68%
Monaco
68%
Dhaka
68%
Caracas
68%
San Salvador
68%
Georgetown
68%
Port-au-Prince
68%
Port-of-Spain
63%
Andorra la Vella
63%
Guatemala City
63%
Skopje
63%
Islamabad
63%
Suva
63%
Freetown
63%
Quito
63%
Nassau
63%
Riyadh
58%
Ouagadougou
58%
Yerevan
58%
Baku
58%
Mogadishu
58%
Tashkent
58%
Port Moresby
58%
Khartoum
58%
San José
58%
Rabat
58%
Sana'a
58%
Brazzaville
58%
Tbilisi
58%
Bissau
58%
Dili
58%
Amman
58%
Chișinău
53%
Antananarivo
53%
Lusaka
53%
Kampala
53%
Manama
53%
Nur-Sultan
53%
Vientiane
53%
Dakar
53%
São Tomé
53%
Tirana
53%
Vaduz
53%
Beirut
53%
Harare
53%
Maputo
53%
Windhoek
53%
Abuja
53%
Valletta
53%
Kigali
47%
Victoria
47%
Santo Domingo
47%
Monrovia
47%
Kinshasa
47%
Belmopan
47%
Saint John's
47%
Tegucigalpa
47%
Podgorica
47%
Pristina
47%
Luanda
47%
Thimphu
47%
Muscat
47%
Yaoundé
47%
Praia
47%
Bangui
47%
Asunción
47%
Malé
47%
Dushanbe
47%
Bridgetown
47%
Ljubljana
47%
Dodoma
42%
Asmara
42%
Managua
42%
Ashgabat
42%
Naypyidaw
42%
Saint George's
42%
Lilongwe
42%
Paramaribo
42%
Lomé
37%
Roseau
37%
Conakry
37%
Libreville
37%
Nouakchott
37%
Juba
37%
Gaborone
37%
Bamako
37%
Gitega
37%
Porto-Novo / Cotonou
37%
Port Louis
37%
Mbabane
32%
Banjul
32%
Niamey
32%
Port Vila
32%
Bandar Seri Begawan
32%
Yamoussoukro
32%
N'Djamena
32%
Honiara
32%
Bishkek
32%
Yaren
32%
South Tarawa
32%
Funafuti
26%
Maseru
26%
Apia
26%
Palikir
26%
Nukuʻalofa
26%
Basseterre
26%
Majuro
26%
Moroni
21%
Malabo
21%
Castries
21%
Sri Jayawardenepura Kotte
21%
Ngerulmud
16%

Score Distribution

Percentile by Number Answered

Percent of People with Each Score

Your Score History

You have not taken this quiz